Sports Quiz

Random Sports or Population Quiz

Efficient World Cup Countries Quiz Stats

 Plays Quiz not verified by Sporcle

Score 0/16 Timer 04:00
2 Plays Today
Rank Country % Correct
1Uruguay
76.2%
4Sweden
74.3%
7Netherlands
74.2%
5Belgium
73%
10Portugal
71.3%
6Denmark
65.7%
16Iceland
64.8%
8Switzerland
63%
Rank Country % Correct
2Croatia
62.8%
15Argentina
57.8%
12Austria
53.4%
14Scotland
49%
11Paraguay
47.1%
9Hungary
45.9%
13Costa Rica
44.5%
3Northern Ireland
29.7%

You're not logged in!

Compare scores with friends on all Sporcle quizzes.
OR
Log In

Show Comments

Extras

Top Quizzes Today


Score Distribution

Your Account Isn't Verified!

In order to create a playlist on Sporcle, you need to verify the email address you used during registration. Go to your Sporcle Settings to finish the process.

Report this User

Report this user for behavior that violates our Community Guidelines.

Details: